English Geography By Letter: A - Statistics

General Stats
  • This quiz has been taken 647 times
  • The average score is 4 of 10
Answer Stats
Hint Answer % Correct
River flowing through Bristol Avon
85%
Bronze landmark near Newcastle Angel of the North
81%
County town of Buckinghamshire Aylesbury
37%
Touristy town in the Lake District Ambleside
36%
River flowing through Leeds Aire
32%
Market town in Northumberland Alnwick
32%
Latin name for England Anglia
30%
Town in Kent on the Great Stour Ashford
19%
Town near to Stonehenge Amesbury
14%
Nature reserve in Purbeck Arne
5%
No matching quizzes found
Score Distribution
Percent of People with Each Score
Percentile by Number Answered
Your Score History
You have not taken this quiz